Integrated use of organic manure and inorganic fertilisers on soil fertility and productivity of sugarcane. (Registro nro. 26573)

Detalles MARC
000 -ENCABEZADO
Número de control [NR] 02273nam a22003857i 4500
001 - NÚMERO DE CONTROL
control field B-12601
003 - IDENTIFICADOR DE CONTROL NÚMERO
control field CO-BoFNCP
007 - CAMPO DESCRIPCIÓN FÍSICA FIJA - INFORMACIÓN GENERAL
fixed length control field t||
008 - DE LONGITUD FIJA DE DATOS DE ELEMENTOS - INFORMACIÓN GENERAL
Elementos de longitud fija [NR] 090928s2008 my a f z eng d
040 ## - FUENTE DE CATALOGACION [NR]
Agencia de catalogación original [NR] CO-BoFNCP
Idioma de catalogación [NR] Español
Quien Cataloga CO-BoFNCP
Convenciones de la descripción [NR] rda
041 ## - CODIGO DE IDIOMA [R]
Código de idioma para texto/pista de sonido o título separado [R] Inglés
043 ## - CODIGO DE AREA GEOGRAFICA [NR]
Código de área geográfica [R] my
084 ## - OTRO NUMERO DE CLASIFICACION [R]
Número clasificador [R] A-
100 1# - ASIENTO PRINCIPAL--NOMBRE PERSONAL [NR]
Nombre personal [NR] Alam, K. M.,
Término relacionador [R] autor.
Relator code aut
ID Autoridad 41372
245 00 - MENCION DE TITULO [NR]
Título [NR] Integrated use of organic manure and inorganic fertilisers on soil fertility and productivity of sugarcane.
264 #4 - PRODUCCIÓN, PUBLICACIÓN, DISTRIBUCIÓN, FABRICACIÓN Y COPYRIGHT
Fecha de producción, publicación, distribución, fabricación o copyright ©2008
300 ## - DESCRIPCION FISICA [R]
Extensión [R] páginas 243-251 :
Otros detalles físicos [NR] Tablas.
336 ## - TIPO DE CONTENIDO
Término de tipo de contenido texto
Código de tipo de contenido txt
Fuente rdacontent
337 ## - TIPO DE MEDIO
Nombre/término del tipo de medio sin mediación
Código del tipo de medio n
Fuente rdamedia
338 ## - TIPO DE SOPORTE
Nombre/término del tipo de soporte volumen
Código del tipo de soporte nc
Fuente rdacarrier
504 ## - NOTA DE BIBLIOGRAFIA, ETC. [R]
Nota de bibliografía, etc. [NR] Incluye referencias bibliográficas.
520 ## - NOTA DE RESUMEN, ETC. [R]
Nota de sumario, etc. [NR] A field experiment was conducted at Chuadanga (High Ganges River Floodplain-AEZ 11), Gazipur (Madhupur Tract-AEZ 28) and Thakurgaon (Old Himalayan Piedmont Plain-AEZ 1) to develop an economically suitable combination of organic manure and inorganic fertiliser for sustaining sugarcane yield. At Chuadanga, the highest cane yield (129.47 t/ha) was recorded in T3 treatment that received farmyard manure at 10 tonnes per hectare and inorganic fertiliser based on integrated plant nutrition system (IPNS), which was 19 percent increase in yield over only inorganic fertiliser as per recommendation. But at Gazipur and Thakurgaon, the treatment T2 and T4 that received poultry litter and press mud at 10 tonnes per hectare with IPNS based inorganic fertilisers gave highest sugarcane yields of 109.16 and 59.22 tonnes per hectare, which was 21 percent and 2 percent yield increase over only inorganic fertiliser, respectively. The highest gross margins of Bangladesh Taka 1 54 611, Taka 66 446 and Taka 1 26 268 per hectare were obtained with T3, T4 and T2 at Chuadanga, Thakurgaon and Gazipur, respectively.
650 #0 - ASIENTO SECUNDARIO DE MATERIA - TERMINO TEMATICO [R]
Término temático o nombre geográfico como elemento de entrada [NR] Caña de azúcar.
9 (RLIN) 4500
650 #0 - ASIENTO SECUNDARIO DE MATERIA - TERMINO TEMATICO [R]
Término temático o nombre geográfico como elemento de entrada [NR] Fertilizantes inorgánicos
9 (RLIN) 30275.
650 #0 - ASIENTO SECUNDARIO DE MATERIA - TERMINO TEMATICO [R]
Término temático o nombre geográfico como elemento de entrada [NR] Suelo.
9 (RLIN) 25722
700 1# - ASIENTO SECUNDARIO - NOMBRE PERSONAL [R]
Nombre personal [NR] Bokhtiar, S. M.
9 (RLIN) 41373.
700 1# - ASIENTO SECUNDARIO - NOMBRE PERSONAL [R]
Nombre personal [NR] Haque, M. A.
9 (RLIN) 41374.
700 1# - ASIENTO SECUNDARIO - NOMBRE PERSONAL [R]
Nombre personal [NR] Islam, N.
9 (RLIN) 41375.
700 1# - ASIENTO SECUNDARIO - NOMBRE PERSONAL [R]
Nombre personal [NR] Mannan, M. A.
9 (RLIN) 41376.
700 1# - ASIENTO SECUNDARIO - NOMBRE PERSONAL [R]
Nombre personal [NR] Paul, G. C.
9 (RLIN) 41377.
773 0# - ASIENTO DEL ITEM FUENTE [R]
Asiento principal [NR] The Planter (Malasia)
Información sobre la relación [R] v. 84, no. 985 (2008), p.243-251
Número de control del registro [R] A-
Número Internacional Normalizado para Publicaciones Seriadas - ISSN [NR] 0126-575x
942 ## - ELEMENTOS DE ENTRADA AGREGADOS (KOHA)
Sistema de clasificación Local
Tipo de ítem principal el descrito en 300a Artículo
999 ## - NÚMEROS DE SISTEMAS DE CONTROL (KOHA)
Koha biblionumber 26573
999 ## - NÚMEROS DE SISTEMAS DE CONTROL (KOHA)
Registro cosechable Si
Existencias
Estado de retiro (OPAC) Perdido Sistema de clasificación Dañado No prestable Ubicación habitual Ubicación actual Fecha de creación Volúmen / Fascículo Total préstamos Signatura topográfica Código de barras Última vez visto Ejemplar Price effective from Tipo de ítem
    Local     1 - CID Palmero Bogotá 1 - CID Palmero Bogotá 10/21/2013 The Planter (Malasia). v. 84, no. 985 (2008), p.243-251. ST-A-, ISSN: 0126-575x   A- R-12601 10/21/2013 Ej. 1 10/21/2013 Artículo